Sports Quiz

Random Sports or NBA Quiz

Miami Heat MVP Votes Quiz Stats

Quiz not verified by Sporcle

Challenge
Share
Tweet
Embed
Score 0/21 Timer 02:00
0 Plays Today
Year Player % Correct
2014LeBron James
99.9%
2013LeBron James
99.9%
2012LeBron James
99.9%
2011LeBron James
99.9%
2013Dwyane Wade
99.8%
2012Dwyane Wade
99.8%
2011Dwyane Wade
99.8%
2010Dwyane Wade
99.8%
2009Dwyane Wade
99.8%
2007Dwyane Wade
99.8%
2006Dwyane Wade
99.8%
Year Player % Correct
2005Dwyane Wade
99.8%
2007Shaquille O'Neal
94.7%
2005Shaquille O'Neal
94.7%
2000Alonzo Mourning
89.3%
1999Alonzo Mourning
89.3%
1997Alonzo Mourning
89.3%
1996Alonzo Mourning
89.3%
1998Tim Hardaway
68.7%
1997Tim Hardaway
68.7%
2001Anthony Mason
21.3%

You're not logged in!

Compare scores with friends on all Sporcle quizzes.
Sign Up with Email
OR
Log In

You Might Also Like...

Show Comments

Extras

Top Quizzes Today


Score Distribution

Your Account Isn't Verified!

In order to create a playlist on Sporcle, you need to verify the email address you used during registration. Go to your Sporcle Settings to finish the process.

Report this User

Report this user for behavior that violates our Community Guidelines.

Details: